| 000 | 00675nam a2200217 a 4500 | ||
|---|---|---|---|
| 005 | 20240612064104.0 | ||
| 008 | 020923s1998 mx r 000 0 spa d | ||
| 020 | _a9507014829 | ||
| 035 | _aUPN01000119521 | ||
| 049 | _aCG | ||
| 050 | 4 |
_aLB1694 _bP8.2a |
|
| 100 | 1 |
_aPuig Rovira, Josep María, _d1951- _929430 |
|
| 245 | 1 | 0 |
_aAprender a dialogar : _bActividades para la toma de conciencia de las habilidades para el diálogo / _cJosé María Puig. |
| 260 |
_aBuenos Aires : _bAique, _c1998. |
||
| 300 | _a149 p. | ||
| 440 | 0 | _aEstrategias de aula | |
| 650 | 2 |
_aDiálogo _99719 |
|
| 650 | 4 |
_aEducación moral _91396 |
|
| 650 | 4 |
_aETICA ESTUDIANTIL _917571 |
|
| 905 | _aLibro | ||
| 999 |
_c91875 _d91875 |
||